00756nam a2200241 a 4500001001300000003000900013005001700022008004100039020002600080082001500106100001700121245004300138260004300181300000900224500003500233505005000268650001900318700001700337902000800354942000700362952012800369999001700497nice12345678IN_TiNIC20260116014054.0050524s1992 newa grp 000 0 eng  a156617X c362.0800a956.1bPAL aPalmer, Alan aDecline and Fall of the Ottoman Empire aNew YorkbBarnes and Noble Booksc1992 a306p aincludes index and biblioraphy2 aGlossary, Notes, Selected Bibliography, Index aHistory-Turkey1 aPalmer, Alan bSRS cBK 001040708StackRoom-aHMIbHMId2009-11-13g362.08l1o956.1 PALp020996r2022-03-10s2022-01-17v362.08w2005-05-24yBK c13749d13749